00933nam a22001217a 4500008004100000020002900041050001400070245005700084260004600141300002700187505051900214650007800733131204b xxu||||| |||| 00| 0 eng d a9789988848989 9988848986 aKRX68.Q36 aThe Ghana legal system. /bEmmanuel Kwabena Quansah. aAccra, Ghana : bBlack Mask Ltd., c2011. alxxx, 438 p. :c23 cm. aContents: Introduction to the major legal system in the world -- Historical foundation of the Ghana legal system -- Basic institutions of the Ghana legal system -- The Nature and functions of the law -- Sources of Ghana law -- Administration of justice: the court system -- Judicial personnel -- Interpretation -- Internal conflict of the laws -- The legal profession -- Outline of criminal procedure -- Outline of civil procedure -- Alternatives to civil dispute settlement -- Basic legal skills -- Subject index. 2Law -- Ghana. vJustice, Administration of -- Ghana.yCourts -- Ghana